LDR 00907naa#a2200169#i#450# 001 RU\\bibl\121917 005 20260430072538.4 011 ## _a2072-9502 100 ## _a20260427b2026####ek#y0rusy0150####ca 102 ## _aRU 200 1# _aМодель оценки рисков информационной безопасности территориально-распределенной системы органов внутренних дел на основе нечеткой логики _eЖурнальная статья 210 1# _aАстрахань _cАстраханский государственный технический университет _d2026 215 ## _a9 с. 608 ## _aЖурнальная статья _2local 675 ## _aБезопасность, защищённость данных. 004.056 _z 700 #1 _aНечай _gАлександр Анатольевич 856 4# _avestnik.astu.org _u